Unit operations of chemical engineering. (4th ed.) (Record no. 60807)
[ view plain ]
| 000 -LEADER | |
|---|---|
| fixed length control field | 00799nam a2200217 a 4500 |
| 008 - FIXED-LENGTH DATA ELEMENTS--GENERAL INFORMATION | |
| fixed length control field | 060316s1985 ||||||||||||||||| || u |
| 020 ## - INTERNATIONAL STANDARD BOOK NUMBER | |
| International Standard Book Number | 0070448280 |
| 050 ## - LIBRARY OF CONGRESS CALL NUMBER | |
| Classification number | TP 155.7 Mac |
| 100 ## - MAIN ENTRY--PERSONAL NAME | |
| Personal name | McCabe, Warren L. (Warren Lee), 1899- |
| 245 10 - TITLE STATEMENT | |
| Title | Unit operations of chemical engineering. (4th ed.) |
| 250 ## - EDITION STATEMENT | |
| Edition statement | 4th ed. |
| 260 ## - PUBLICATION, DISTRIBUTION, ETC. | |
| Place of publication, distribution, etc. | New York : |
| Name of publisher, distributor, etc. | McGraw-Hill |
| Date of publication, distribution, etc. | 1985 |
| 300 ## - PHYSICAL DESCRIPTION | |
| Extent | x, 960 p. : ill. |
| 350 ## - PRICE (NR) (BK AM CF MU VM SE) [OBSOLETE] | |
| Price | 0.00 |
| 490 ## - SERIES STATEMENT | |
| Series statement | McGraw-Hill chemical engineering series |
| 500 ## - GENERAL NOTE | |
| General note | Includes bibliographies and index. |
| 650 ## - SUBJECT ADDED ENTRY--TOPICAL TERM | |
| Topical term or geographic name entry element | CHEMICAL PROCESSES |
| 700 ## - ADDED ENTRY--PERSONAL NAME | |
| Personal name | Harriott, Peter |
| 700 ## - ADDED ENTRY--PERSONAL NAME | |
| Personal name | Smith, Julian C. (Julian Cleveland), 1919- |
| 995 ## - RECOMMENDATION 995 [LOCAL, UNIMARC FRANCE] | |
| -- | 0.00 |
| -- | CBU-MAIN LIBRARY (Kitwe) |
| -- | 1 |
| -- | 44.95 |
| -- | 1 |
| -- | DAMAGED |
| -- | Main Library Open Access Collection |
| Withdrawn status | Lost status | Source of classification or shelving scheme | Damaged status | Not for loan | Home library | Current library | Shelving location | Date acquired | Total Checkouts | Full call number | Barcode | Date last seen | Price effective from | Koha item type |
|---|---|---|---|---|---|---|---|---|---|---|---|---|---|---|
| CBU-MAIN LIBRARY, KITWE. | CBU-MAIN LIBRARY, KITWE. | 11/30/2022 | TP 155.7 Mac | 020334 | 11/30/2022 | 11/30/2022 | MONOGRAPH |